Spatial Spillovers in Emerging Market Spreads /

We use novel spatial econometrics techniques to explore spillovers in the sovereign bond market for 24 emerging economies during 1995-2010. The paper extends the previous literature focusing on spillover effects from advanced to emerging economies by analyzing transmission of shocks across emerging...

وصف كامل

التفاصيل البيبلوغرافية
المؤلف الرئيسي: Dell'Erba, Salvatore
مؤلفون آخرون: Baldacci, Emanuele, Poghosyan, Tigran
التنسيق: دورية
اللغة:English
منشور في: Washington, D.C. : International Monetary Fund, 2011.
سلاسل:IMF Working Papers; Working Paper ; No. 2011/221
الوصول للمادة أونلاين:Full text available on IMF
LEADER 01952cas a2200265 a 4500
001 AALejournalIMF011306
008 230101c9999 xx r poo 0 0eng d
020 |c 5.00 USD 
020 |z 9781463904234 
022 |a 1018-5941 
040 |a BD-DhAAL  |c BD-DhAAL 
100 1 |a Dell'Erba, Salvatore. 
245 1 0 |a Spatial Spillovers in Emerging Market Spreads /  |c Salvatore Dell'Erba, Emanuele Baldacci, Tigran Poghosyan. 
264 1 |a Washington, D.C. :  |b International Monetary Fund,  |c 2011. 
300 |a 1 online resource (28 pages) 
490 1 |a IMF Working Papers 
500 |a <strong>Off-Campus Access:</strong> No User ID or Password Required 
500 |a <strong>On-Campus Access:</strong> No User ID or Password Required 
506 |a Electronic access restricted to authorized BRAC University faculty, staff and students 
520 3 |a We use novel spatial econometrics techniques to explore spillovers in the sovereign bond market for 24 emerging economies during 1995-2010. The paper extends the previous literature focusing on spillover effects from advanced to emerging economies by analyzing transmission of shocks across emerging markets. After controlling for the impact of global factors, we find strong evidence of spillovers from both sovereign spreads and macroeconomic fundamentals in neighboring emerging economies. In addition to the geographical proximity, the channels of spatial transmission include trade and financial linkages. The results of the paper highlight the importance of accounting not only for spillovers from advanced economies to emerging markets, but also across emerging markets when analyzing sovereign spreads. 
538 |a Mode of access: Internet 
700 1 |a Baldacci, Emanuele. 
700 1 |a Poghosyan, Tigran. 
830 0 |a IMF Working Papers; Working Paper ;  |v No. 2011/221 
856 4 0 |z Full text available on IMF  |u http://elibrary.imf.org/view/journals/001/2011/221/001.2011.issue-221-en.xml  |z IMF e-Library